| 000 | 00664nam a2200217 a 4500 | ||
|---|---|---|---|
| 999 |
_c19 _d19 |
||
| 003 | PK-NaQUE | ||
| 005 | 20250911112015.0 | ||
| 008 | 250123b ||||| |||| 00| 0 eng d | ||
| 020 | _a0471859354 (paperback) | ||
| 020 | _a9780471859352 (paperback) | ||
| 040 | _cQUEST | ||
| 100 | 1 | _aBoehm, Robert F. | |
| 245 | 1 | 0 | _aDesign Analysis of Thermal Systems / |
| 250 | _aInternational Ed. | ||
| 260 |
_a[S.l.] : _bSomerset, New Jersey, U.S.A.: John Wiley & Sons Inc, _c1987. |
||
| 300 | _a1 v. (unpaged) ; | ||
| 650 | _aHeat engineering | ||
| 650 | _aEngineering design | ||
| 856 | 4 | 0 |
_uhttp://10.10.170.122:8080/browse/book/24902 _yDownload eBook |
| 942 |
_cBK _2ddc |
||